Statistiques concernant Les Mangas en fonction de leurs Auteurs

Cliquez ici pour prendre le quiz!

Statistiques générales

  • Ce quiz a été pris 76 fois
  • Le résultat moyen est 11 sur 20

Statistiques - réponses

AuteurŒuvre% Correct
Eiichiro OdaOne Piece
100%
Masashi KishimotoNaruto
96%
Hajime IsayamaAttaque des Titans
90%
Akira ToriyamaDragon Ball
88%
Yochihiro TogashiHunter X Hunter
77%
Kohei HorikoshiMy Hero Academia
75%
Kentarou MiuraBerserk
74%
Gege AkutamiJujutsu Kaisen
68%
Koyoharu GotougeDemon Slayer
64%
Takeshi ObataDeath Note
62%
Hiro MashimaFairy Tail
62%
Tatsuki FujimotoChainsaw Man
52%
Ken WakuiTokyo Revengers
41%
Hirohiko ArakiJojo's Bizarre Adventure
39%
Osamu TezukaAstro Boy
32%
Reno LemaireDreamland
30%
Atsushi OhkuboFire Force
29%
Muneyuki Kaneshiro & Yusuke NomuraBluelock
23%
Reki KawaharaSword Art Online
17%
Yuuji KakuHell's Paradise
14%

Distribution des résultats

Percentile par nombre de réponses

% des personnes avec chaque résultat

Votre développement - résultats

Vous n’avez pas pris ce quiz